00652nam a2200205 4500003001100000005001700011008004100028020001800069040003900087041000800126082001800134100002000152245004000172260003000212300004900242650004700291650003900338650003100377650003800408LK-CoMWRAF20230828125827.0230819b2014 |||||||| |||| 00| 0 eng d a9789559950271 aLK-CoMWRAFdLK-CoMWRAFeLK-CoMWRAF aeng bFARa305.697  aFarook, Latheef aMuslims of Sri Lanka:bunder siege  a[Colombo]:bAuthor,c2014 aix, 272 pages : ill. ; 21 cmbIndex included a MUSLIMS-SRI LANKA-POLITICS AND GOVERNMENT aMuslims-Violence against-Sri Lanka aEthnic relations-Sri Lanka aPolitics and government-Sri Lanka